000 01071na a2200289 4500
001 20782
003 MIRAKIL
005 20181213155002.0
008 170126b tu 000 0
035 _a20782
040 _aMilas
_btur
_cTR-AnCHP
041 _atur
082 _aCHP 305.4
_bC36a [200?]
090 _aBROŞÜR 213
110 _aCumhuriyet Halk Partisi (CHP)
_bKadın Kolları
245 _aAtatürk cumhuriyetinin...kadınlarını çağırıyoruz
_cCHP Kadın kolları
246 _aAtatürk cumhuriyetinin laik, barışçı, eşitlikçi, özgürlükçü, aydınlık kadınlarını çağırıyoruz
260 _aAnkara
_bCHP
_c[20??]
300 _aktl. broşür
_bres.
_c21 sm.
440 _aCHP Kadın Kolları yayınları
_pBroşürler
610 _aCHP
_bKadın Kolları
_xBildirgeler
650 _aKadınlar
_xSiyasal etkinlik
_zTürkiye
740 _aAtatürk cumhuriyetinin laik, barışçı, eşitlikçi, özgürlükçü, aydınlık kadınlarını çağırıyoruz
830 _aCHP broşürleri
942 _2ddc
_cBKS
999 _c4337
_d4337